| 000 | 01220 a2200229 4500 | ||
|---|---|---|---|
| 001 | 15172 | ||
| 005 | 20260407155449.0 | ||
| 008 | 260407a2000 arg spa d | ||
| 003 | AR-UNSa-BCEJYS | ||
| 040 |
_aAR-UNSa-BCEJYS _bspa _cAR-UNSa-BCEJYS |
||
| 080 |
_a004 _xCiencia y tecnología de los ordenadores. Informática |
||
| 245 | 1 | 0 | _aTecnologías de la información y las comunicaciones |
| 020 | _a950-537-507-7 | ||
| 264 | 1 |
_aBuenos Aires : _bEdiciones Macchi _c2000 |
|
| 300 |
_axvii, 202 p. _c25 cm. |
||
| 505 | _a1. Desarrollo histórico de la computación - 2. Conceptos sobre componentes de un sistema de cómputos - 3. Conceptos de software - 4. Conceptos de telemática - 5. Introducción a las redes - 6. Internet, la red de redes - 7. Organización de datos e información - 8. Los sistemas de información - 9. Análisis y diseño de sistemas de información - 10. Cuestiones éticas, legales y de la salud | ||
| 942 | _cBK | ||
| 590 | _aniveau_biblio:m niveau_hierar:0 | ||
| 100 | 1 | _aFreijedo, Claudio Felipe | |
| 700 | 1 | _aCortagerena, Alicia B. | |
| 856 | 4 | 1 |
_uhttps://biblioeco.unsa.edu.ar/pmb/images/libros/Tecnologias de la informacion y las comunicaciones2-l119004.jpg _yImagen de portada _qimage/jpeg |
| 999 |
_c620 _d620 |
||